Visualizzazione normale
Vista MARC
- Zemeckis Robert
di Personal Name
Records bibliografici associati: 1
001 - CONTROL NUMBER
- control field: 48754
003 - CONTROL NUMBER IDENTIFIER
- control field: IT-RoPau
005 - DATE AND TIME OF LATEST TRANSACTION
- control field: 20151201213717.0
008 - FIXED-LENGTH DATA ELEMENTS
- fixed length control field: 151201|| aca||aabn | a|a d
040 ## - CATALOGING SOURCE
- Original cataloging agency: IT-RoPau
- Transcribing agency: IT-RoPau
100 ## - HEADING--PERSONAL NAME
- Personal name: Zemeckis Robert
- Miscellaneous information: Codice regista SPICS: 26355
670 ## - SOURCE DATA FOUND
- Source citation: Work cat.: (IT-RoPau)106789: Zemeckis Robert Codice regista SPICS: 26355, CHI HA INCASTRATO ROGER RABBIT CHI HA INCASTRATO ROGER RABBIT (Rif. Codice opera principale : 76462)